| 000 | 00999nam a2200217Ia 4500 | ||
|---|---|---|---|
| 001 | 15864 | ||
| 003 | GE_BSU | ||
| 008 | 181216s||||||||xx |||||||||||||| ||und|| | ||
| 040 | _cGE_BSU | ||
| 080 | _a821.353.1-11 | ||
| 100 | _aჭელიძე, ოთარ | ||
| 245 | _aრჩეული პოემები | ||
| 245 | _cრედ.მ. ჯაფარიძე.. მხატვ.ო.ჯიშკარიანი | ||
| 260 | _aთბილისი | ||
| 260 | _bმერანი | ||
| 260 | _c1972 | ||
| 300 | _a337გვ. : 1 ფ. პორტრ. ; 20სმ. | ||
| 653 | _aრჩეული პოემები | ||
| 653 | _aჩემი მაგნიტური არე; ქიტესა; ამირანმთა; ორი მარაბდელი; ჩვენებურები; მდუმარე მასპინძელი; ბრინჯაოს ჯარისკაცია; დაკარგული საფლავი | ||
| 942 | _cBK | ||
| 999 |
_c48961 _d48961 |
||